| 000 | 01152 a2200253 4500 | ||
|---|---|---|---|
| 003 | Nust | ||
| 005 | 20170207154019.0 | ||
| 010 | _a 2004043360 | ||
| 020 | _a0471455652 | ||
| 040 | _cNust | ||
| 082 | 0 | 0 | _a519.62 |
| 100 | 1 | _aHaupt, Randy L. | |
| 245 | 1 | 0 |
_aPractical genetic algorithms - (E-BOOK) _cRandy L. Haupt, Sue Ellen Haupt. |
| 250 | _a2nd ed. | ||
| 260 |
_aHoboken, N.J. : _bJohn Wiley, _cc2004. |
||
| 300 |
_axvii, 253 p. : _bill. ; _c24 cm. + _e1 CD-ROM (4 3/4 in.) |
||
| 505 | _aIntroduction To Optimization (Page-1), The Binary Genetic Algorithm(Page-27), The Continuous Genetic Algorithm (Page-51),Basic Applications (Page-67), An Added Level Of Sophistication (Page-95), Advanced Applications (Page-151), More Natural Optimization Algorithms (Page-187). | ||
| 650 | 0 | _aGenetic algorithms. | |
| 651 | _aE-BOOK | ||
| 700 | 1 | _aHaupt, S. E. | |
| 856 | 4 | 2 |
_3Contributor biographical information _uhttp://www.loc.gov/catdir/bios/wiley047/2004043360.html |
| 856 | 4 | 2 |
_3Publisher description _uhttp://www.loc.gov/catdir/description/wiley041/2004043360.html |
| 856 | 4 | 2 |
_3Table of contents _uhttp://www.loc.gov/catdir/toc/wiley041/2004043360.html |
| 942 |
_2ddc _cBK |
||
| 999 |
_c191598 _d191598 |
||